000 01152nam0a22002651 4500
001 rc\626775
005 20031121164254.9
035 _a(NLR Aleph) 005869311
090 _a5961819
_c5961819
100 _a20031121d1986 u |0rusy50 ca
101 0 _arus
102 _aRU
105 _aa |||||||||
200 1 _aИсследования "Слова о полку Игореве"
_e[Сб. ст.]
_fАН СССР. Ин-т рус. лит. (Пушкин. Дом)
_gОтв. ред. Д.С. Лихачев
_g[Предисл. Л.А. Дмитриева]
210 _aЛ.
_cНаука. Ленингр. отд-ние
_d1986
215 _a292, [3] с.
_cил.
_d22
320 _aСлово о полку Игореве: Крат. темат. библиогр. / О.В. Творогов: с. 249-265
605 _aСлово о полку Игореве
_2psbo
702 1 _aЛихачев
_bД. С.
_gДмитрий Сергеевич
_4340
712 0 2 _aИнститут русской литературы
_cЛенинград
_3RU\NLR\AUTH\889987691
801 0 _aRU
_bNLR
_gpsbo
801 1 _aRU
_bELAR
_2rusmarc
852 _aNLR
_j86-5/2040
942 _cBOOK
980 _aNB